| 000 | 00375nam a2200157Ia 4500 | ||
|---|---|---|---|
| 008 | 210716s2012 xx 000 0 und d | ||
| 020 | _a9788177581409 | ||
| 041 | _aeng | ||
| 082 | _a005.133 FEUA | ||
| 100 | _aFeuer, Alan R. | ||
| 245 | _aC puzzle book. | ||
| 250 | _a1 | ||
| 260 |
_aNew Delhi _bPearson Education _c2012 |
||
| 300 | _aviii,179 | ||
| 650 | _aC Programming | ||
| 999 |
_c193671 _d193671 |
||